000
00193 a2200097 4500
001
2671
100
_a
Wallis, J.P.R.
245
_a
Fitz
260
_a
_b
Macmillan & co.
_c
090
_c
1967
_d
1967
942
_a
NUST-CAE
_c
M
_c
10746
999
_c
237744
_d
237744